ՀՀ Գիտությունների ազգային ակադեմիայի հիմնարար գիտական գրադարան  =   Fundamental Scientific Library of NAS RA
Normal view MARC view

Entry Personal Name

Number of records used in: 55

001 - CONTROL NUMBER

  • control field: 3088

003 - CONTROL NUMBER IDENTIFIER

  • control field: AM-YEHGA

005 - DATE AND TIME OF LATEST TRANSACTION

  • control field: 20250617070441.0

008 - FIXED-LENGTH DATA ELEMENTS

  • fixed length control field: 060529 a|ac|n|aab||||||||||||a |n|||||||

040 ## - CATALOGING SOURCE

  • Original cataloging agency: AM-YEHGA

100 1# - HEADING--PERSONAL NAME

  • Personal name: Այվազյան, Հովհաննես Մնացականի,
  • Dates associated with a name: 1947-

400 1# - SEE FROM TRACING--PERSONAL NAME

  • Personal name: Այվազյան, Հովհաննես,
  • Dates associated with a name: 1947-

400 1# - SEE FROM TRACING--PERSONAL NAME

  • Personal name: Այվազյան, Հ.Մ.
  • Fuller form of name: (Հովհաննես Մնացականի),
  • Dates associated with a name: 1947-

400 1# - SEE FROM TRACING--PERSONAL NAME

  • Personal name: Այվազյան, Հովհ.
  • Fuller form of name: (Հովհաննես),
  • Dates associated with a name: 1947-

400 1# - SEE FROM TRACING--PERSONAL NAME

  • Personal name: Այվազյան, Հ.
  • Fuller form of name: (Հովհաննես),
  • Dates associated with a name: 1947-

400 1# - SEE FROM TRACING--PERSONAL NAME

  • Personal name: Айвазян, Ованес Мнацаканович,
  • Dates associated with a name: 1947-

400 1# - SEE FROM TRACING--PERSONAL NAME

  • Personal name: Ayvazyan, Hovhannes Mnatsakani,
  • Dates associated with a name: 1947-

670 ## - SOURCE DATA FOUND

  • Source citation: Ով ով է. հայեր (կենսագրական հանրագիտարան), 2005 :
  • Information found: հ. 1 (Այվազյան Հովհաննես Մնացականի [ծ. 7.11.1947, գ. Փոքր Խանչալի (այժմ՝ Վրաստ. Նինոծմինդայի շրջ-ում)], քիմիկոս, հրատարակաիչ, խմբագիր։ Քիմ. գիտ. դ-ր (1998)); bIն.տ. (Հայկ. հանրագիտարան հրատարակչության գլխ. խմբ-տնօրեն (1999-ից)); bIն.տ. (Ֆրիտյոֆ Նանսեն միջազգ. հիմնադրամի ոսկե մեդալ (2002))

670 ## - SOURCE DATA FOUND

  • Source citation: Զորավար Անդրանիկ և Հովհաննես Թումանյան, 2004 :
  • Information found: տիտղթ. (Հ. Այվազյան)

670 ## - SOURCE DATA FOUND

  • Source citation: Հայկական քիմիական անվանակարգության բարեփոխման հիմնախնդիրները, 1998 :
  • Information found: տիտղթ. (Հ.Մ. Այվազյան)

670 ## - SOURCE DATA FOUND

  • Source citation: Հին աշխարհի յոթ հրաշալիքները… և Հայաստան, 2005 :
  • Information found: տիտղթ. (Հովհ. Այվազյան)


ՀՀ ԳԱԱ հիմնարար գիտական գրադարան
ՀՀ,Երևան 0019
Մարշալ Բաղրամյան 24/6
հեռախոս:(374-10) 52-47-50
Հետադարձ կապ

All site content, except where otherwise noted, is licensed under a
Creative Commons License